00690nam a2200241 a 4500001001300000003000900013005001700022008004100039020001000080082001800090100001700108245004400125260004100169300000900210500003500219505001000254650001800264700001700282902000800299942000700307952011900314999001500433nice12345678IN_TiNIC20260116013021.0050524s1989 mada grp 000 0 tel  ac10000a220.9505bBUN aBunyan, John aYatrikuni Prayanamu, Pilgrim`s Progress aMadrasbIndia Bible Literaturec1989 a265p aincludes index and biblioraphy2 aindex aBible Stories1 aBunyan, John bSRS cBK 001040708StackRoom-aHMIbHMId2008-05-19g100.00l0o220.9505 BUNp013333r2008-05-19v100.00w2005-05-24yBK c9290d9290